Central Library OPAC University of Rajshahi

ভাইটামিন / (Record no. 56033)

MARC details
000 -LEADER
fixed length control field 00762nam a2200217 a 4500
001 - CONTROL NUMBER
control field 56033
003 - CONTROL NUMBER IDENTIFIER
rucl marc code BD-RjUL
005 - DATE AND TIME OF LATEST TRANSACTION
control field 20211209080339.0
008 - FIXED-LENGTH DATA ELEMENTS--GENERAL INFORMATION
fixed length control field 161124s1951 ii ||||| |||| 00| 0 ben d
035 ## - SYSTEM CONTROL NUMBER
System control number (BD-RjUL)56157
040 ## - CATALOGING SOURCE
Original cataloging agency BD-RjUL
Language of cataloging ben
Transcribing agency BD-RjUL
Modifying agency BD-RjUL
041 ## - LANGUAGE CODE
Language code of text/sound track or separate title ben
082 ## - DEWEY DECIMAL CLASSIFICATION NUMBER
Edition number 23
Classification number 572.58
Author mark and year PAV 1951
100 ## - MAIN ENTRY--PERSONAL NAME
Personal name পাল, রুদেন্দ্র কুমার
9 (RLIN) 166799
245 ## - TITLE STATEMENT
Title ভাইটামিন /
Statement of responsibility, etc. রুদেন্দ্র কুমার পাল
260 ## - PUBLICATION, DISTRIBUTION, ETC. (IMPRINT)
Place of publication, distribution, etc. কলিকাতা
Name of publisher, distributor, etc. বিশ্বভারতী গ্রন্থালয়
Date of publication, distribution, etc. ১৯৫১
300 ## - PHYSICAL DESCRIPTION
Pagination ৫৯ পৃ. ;
Size ১৯ সেমি.
650 ## - SUBJECT ADDED ENTRY--TOPICAL TERM
Topical term or geographic name as entry element ভিটামিন
9 (RLIN) 166800
Topical term or geographic name as entry element Vitamins
9 (RLIN) 166801
942 ## - ADDED ENTRY ELEMENTS (KOHA)
Source of classification or shelving scheme Dewey Decimal Classification
Koha item type Books
Holdings
Lost status Source of classification or shelving scheme Damaged status Not for loan Collection code Permanent Location Current Location Shelving location Date acquired Source of acquisition Cost, normal purchase price Total Checkouts Full call number Date last seen Copy number Koha item type
  Dewey Decimal Classification     Non-fiction Central Library, University of Rajshahi Central Library, University of Rajshahi   13/02/1958 Kamala book 0.50   B 572.58 PAV 1951 24/11/2016 C-2 Books